Studies in probability theory /
Guardado en:
| Otros Autores: | , |
|---|---|
| Formato: | Libro |
| Idioma: | English |
| Publicado: |
[Washington] :
Mathematical Association of America,
c1978.
|
| Series: | Studies in mathematics (Mathematical Association of America) ;
v. 18. |
| Materias: | |
| Etiquetas: |
Agregar Etiqueta
Sin Etiquetas, Sea el primero en etiquetar este registro!
|
| LEADER | 01346cam a2200253 a 4500 | ||
|---|---|---|---|
| 001 | MAT.inmabb005310 | ||
| 008 | 790914s1978####dcua#####b####001#0#eng## | ||
| 005 | 20130225154126.0 | ||
| 245 | 0 | 0 | |a Studies in probability theory / |c M. Kac ... [et al.] ; Murray Rosenblatt, editor. |
| 260 | |a [Washington] : |b Mathematical Association of America, |c c1978. | ||
| 300 | |a xi, 268 p. : |b il. ; |c 21 cm. | ||
| 490 | 1 | |a Studies in mathematics ; |v v. 18 | |
| 504 | |a Incluye referencias bibliográficas e índices. | ||
| 505 | 0 | |a Murray Rosenblatt, Introduction -- J. Kiefer, Sequential statistical methods -- Murray Rosenblatt, Dependence and asymptotic independence for random processes -- M. R. Leadbetter, Extreme value theory under weak mixing conditions -- G. C. Papanicolaou, Asymptotic analysis of stochastic equations -- M. Kac, Some mathematical problems in statistical mechanics -- Donald S. Ornstein, A survey of some recent results in ergodic theory. | |
| 510 | 4 | |a MR, |c 80b:60007 | |
| 020 | |a 0883851180 | ||
| 700 | 1 | |a Kac, Mark. | |
| 700 | 1 | |a Rosenblatt, Murray. |4 edt | |
| 830 | 0 | |a Studies in mathematics (Mathematical Association of America) ; |v v. 18. | |
| 650 | 0 | |a Probabilities |x Addresses, essays, lectures. | |
| 084 | |a 60-06 (28-06 62-06) |2 msc2000 | ||
| 010 | |a 78071935 | ||
| 040 | |a DLC |c DLC |d DLC | ||
| 859 | |h 60 |i St933 |p A-5468 |b BIB. MATEMATICA | ||
